| 000 | 01240cam a2200241 4500 | ||
|---|---|---|---|
| 001 | ABS67892 | ||
| 008 | 040702n2004 000 0 eng u | ||
| 035 | _a(Sirsi) u126683 | ||
| 100 | _aBroughton, T. | ||
| 245 | 4 | _aThe bigger picture: how Eastern European workers will change British construction | |
| 260 | _c2004 | ||
| 490 |
_aBuilding _v269(8336) 11 June 2004, 24-26(3) |
||
| 520 | _aLooks at how the enlargement of the EU has made a large pool of highly skilled and low paid workers available to British firms. The British market has also been opened to highly skilled and low cost contractors. Discusses the implications of hiring foreign workers legitimately, rather than illegally, as before. Examines the problems of having a multicultural, multilingual construction site. Concludes that while some employers may avoid employing foreign workers due to the increased amount of training and paperwork, the increase of this type of employment is here to stay. | ||
| 590 | _aABS | ||
| 590 | _aABS | ||
| 650 | _aEUROPEAN UNION | ||
| 650 | _aSKILLS SHORTAGES | ||
| 650 | _aFOREIGN CONTRACTORS | ||
| 650 | _aEASTERN EUROPE | ||
| 650 | _aLABOUR SHORTAGES | ||
| 690 | _aBUILDING AND CONSTRUCTION-MANAGEMENT | ||
| 942 | _n0 | ||
| 999 |
_c117643 _d117643 |
||